Statistiche per Fase a eliminazione diretta della UEFA Champions League 2021-2022.

Clicka qui per fare il quiz!

Statistiche generali

  • Questo quiz è stato fatto 413 volte
  • Il punteggio medio è 13 su 16

Statistiche sulle risposte

Risposta% Corretto
Real Madrid
99%
Juventus
98%
Liverpool
97%
Bayern Monaco
96%
Manchester City
95%
Inter
94%
Chelsea
93%
Paris SG
93%
Atlético Madrid
83%
Benfica
80%
Villarreal
79%
Manchester United
72%
Ajax
68%
Sporting Lisbona
53%
Salisburgo
48%
Lilla
44%

Distribuzione punteggi

Percentile per numero di risposta

Percentuale di utenti per punteggio

I tuoi punteggi nel tempo

Non hai fatto questo quiz